000
00281nam a2200109Ia 4500
008
200302s9999 xx 000 0 und d
100
_a
Peter Testa
245
_a
Robot House Instrumentation representation fabrication
260
_b
Thames and Hudson
260
_c
2017
300
_a
336
999
_c
7457
_d
7457